Mensaje del concilio
সংরক্ষণ করুন:
| প্রধান লেখক: | |
|---|---|
| বিন্যাস: | গ্রন্থ |
| ভাষা: | স্প্যানিশ |
| প্রকাশিত: |
Madrid
Cristiandad
1966
|
| মালা: | Colección Cristianismo y Hombre Actual, 73
|
| বিষয়গুলি: | |
| ট্যাগগুলো: |
ট্যাগ যুক্ত করুন
কোনো ট্যাগ নেই, প্রথমজন হিসাবে ট্যাগ করুন!
|
MARC
| LEADER | 00000nam a2200000 a 4500 | ||
|---|---|---|---|
| 001 | UCL3751 | ||
| 003 | CL-VaPUC | ||
| 008 | 031212e19660000SP |||||||||||||||||spa|d | ||
| 082 | 0 | 4 | |a 262.52 |b CAS |2 21 |
| 100 | 0 | |a Castro Cubells, Carlos |e author |9 481154 | |
| 245 | 1 | 0 | |a Mensaje del concilio |
| 300 | |a 321 p | ||
| 942 | |c BK | ||
| 945 | |d 20031212 00:00:00 |a vberengu | ||
| 260 | |a Madrid |b Cristiandad |c 1966 | ||
| 600 | 0 | |a Iglesia católica |9 255129 | |
| 650 | 0 | |a Concilios |9 315984 | |
| 583 | |a last modification |c 20031212 00:00:00 |k Rodrigo Vera | ||
| 490 | 0 | |a Colección Cristianismo y Hombre Actual, 73 | |
| 999 | |c 306759 |d 306757 | ||
| 952 | |0 0 |1 0 |4 0 |6 262_520000000000000_CAS_1966 |7 0 |8 A |9 372025 |a BIBTEO |b BIBTEO |d 2019-11-21 |i 2097052 |o 262.52 CAS 1966 |p 2097052 |r 2025-01-17 |w 2019-11-21 |y BK |k ICR | ||